000 00352nam a22001337a 4500
003 SGT
020 _a9788126719648
082 _a891.4309
_bR10S
100 _aसिंह, काशीनाथ
245 _aरेहन पर रग्घू
260 _b राजकमल पेपरबैक्स
_c2010
300 _a163
942 _2ddc
_cBK
999 _c31444
_d31444